| 000 | 00468nam a2200169Ia 4500 | ||
|---|---|---|---|
| 003 | GCL | ||
| 008 | 140319s9999 xx 000 0 eng d | ||
| 040 |
_aGCL / _cGCL |
||
| 082 | 0 | 4 |
_a306.85 _bR I |
| 100 | 1 | _aRICE, PHILIP | |
| 245 | 1 | 0 |
_aINTIMATE RELATIONSHIPS, MARRIAGES, AND FAMILIES / _cRICE, PHILIP |
| 260 |
_a[S.N] : _bMAYFIELD PUBLISHING COMPANY ، _c1993 |
||
| 300 | _a598 P | ||
| 650 | 0 | 4 | _aUNITED STATES |
| 650 | 0 | 4 | _aFAMILY LIFE EDUCATION |
| 942 |
_2ddc _cBK |
||
| 999 |
_c23525 _d23525 |
||